000 00491nam a2200181Ia 4500
001 2755
005 20260306144830.0
008 260306t2020||||xx |||||||||||||| ||spa||
041 _aESP
082 _a226
_bR84
100 _aRosales Acosta, Dempsey
_eAUT
245 0 _aIntroducción a los evangelios canónicos:
_bun compendio para la formación bíblica de adultos
260 _c2020
300 _a414 páginas :
_c24 cm.
650 _aGEN
654 _aCHU
942 _cLIB
_dJUS
_fJUS
_2ddc
_n
999 _c2755
_d2755